Normal view MARC view

Entry Topical Term

Number of records used in: 1

001 - CONTROL NUMBER

  • control field: 20671

003 - CONTROL NUMBER IDENTIFIER

  • control field: OSt

005 - DATE AND TIME OF LATEST TRANSACTION

  • control field: 20211105134518.0

008 - FIXED-LENGTH DATA ELEMENTS

  • fixed length control field: 211105|| aca||aabn | a|a d

040 ## - CATALOGING SOURCE

  • Original cataloging agency: OSt
  • Transcribing agency: OSt

150 ## - HEADING--TOPICAL TERM

  • Topical term or geographic name entry element: Airborne Astronomy

670 ## - SOURCE DATA FOUND

  • Source citation: Work cat.: (OSt): Airborne Astronomy Symposium on the Galactic Ecosystem, From Gas To Stars To Dust Moffett Field, California 1994 July 5-8 20670, Airborne Astronomy Symposium on the galactic ecosystem, 1995

Powered by Koha